Word Scramble - Elements - Statistics

General Stats
  • This quiz has been taken 459 times
  • The average score is 25 of 30
Answer Stats
Answer % Correct
NTI Tin
100%
CINZ Zinc
100%
RNOI Iron
99%
DEAL Lead
99%
EONN Neon
99%
DGLO Gold
98%
IHELUM Helium
97%
YXNOGE Oxygen
92%
EILRSV Silver
91%
CAUMCLI Calcium
90%
RYMECUR Mercury
90%
SISPOTAUM Potassium
90%
BNOOR Boron
89%
RBAIUM Barium
86%
YDRHGENO Hydrogen
86%
EOXNN Xenon
86%
DIRAUM Radium
85%
DSOMIU Sodium
85%
GNOAR Argon
83%
PRCOPE Copper
83%
ODNIEI Iodine
83%
ILONSIC Silicon
82%
DRAON Radon
81%
ABCLOT Cobalt
79%
ABCNOR Carbon
78%
MIIHULT Lithium
77%
CRSAENI Arsenic
66%
ROGNITE Nitrogen
57%
SIBUHMT Bismuth
55%
ONYTIAM Antimony
44%
No matching quizzes found
Score Distribution
Percent of People with Each Score
Percentile by Number Answered
Your Score History
You have not taken this quiz